MARC

LEADER 00000nam0a2200000 4500
001 268959
005 20231101234219.0
035 |a (RuTPU)RU\TPU\book\292115 
090 |a 268959 
100 |a 20140911d1986 k y0rusy50 ca 
101 0 |a rus 
102 |a RU 
105 |a a z 001zy 
200 1 |a Пакеты прикладных программ  |e сборник научных трудов  |f Академия наук СССР (АН СССР), Сибирское отделение (СО), Вычислительный центр ; под ред. В. П. Ильина 
210 |a Новосибирск  |c Изд-во ВЦ СО АН СССР  |d 1986 
215 |a 70 с.  |c ил. 
320 |a Библиогр. в конце ст. 
606 1 |a Программное обеспечение  |2 stltpush  |3 (RuTPU)RU\TPU\subj\67736  |9 83428 
610 1 |a прикладные программы 
610 1 |a пакеты 
610 1 |a разработка 
610 1 |a эксплуатация 
610 1 |a системы управления 
610 1 |a языковые средства 
675 |a 004.41  |v 4 
702 1 |a Ильин  |b В. П.  |4 340 
712 0 2 |a Академия наук СССР (АН СССР)  |b Сибирское отделение (СО)  |b Вычислительный центр  |c (Новосибирск)  |2 stltpush  |3 (RuTPU)RU\TPU\col\11456 
801 1 |a RU  |b 63413507  |c 20140911 
801 2 |a RU  |b 63413507  |c 20170221  |g RCR 
942 |c BK